000 00611nmm a2200205Ia 4500
008 251105s9999||||xx |||||||||||||||||und||
020 _a9788498959147
041 _aspa
100 _aOquendo, Xavier
245 0 _aEl dolor más antiguo de la tierra :
_b Antología poética
264 _a[Madrid, España] :
_bVisor Libros,
_c2015
300 _a196 páginas
490 _aVisor de Poesía
650 _aLatin American poetry
700 _aOquendo, Xavier
700 1 _a Oquendo, Xavier
700 1 _a Dávila Andrade, César
856 _uhttps://public.digitaliapublishing.com/a/41588
942 _cCF
999 _c69531
_d69531